| 000 | 00364nam a2200145Ia 4500 | ||
|---|---|---|---|
| 008 | 150201s1984 xx 000 0 und d | ||
| 082 |
_a617.6 _bM2004B |
||
| 100 | _aBENNETT, RICHARD | ||
| 245 | _aMONEHEIMS LOCAL ANESTHESIA &PAIN CONTROL | ||
| 250 | _a7TH | ||
| 260 |
_bMOSBY _aNEW DELHI _c1984 |
||
| 300 | _a1-404 | ||
| 650 | _aORAL SURGERY | ||
| 942 |
_2ddc _cBK _010 |
||
| 999 |
_c3132 _d3132 |
||